000 00449nam a2200169Ia 4500
008 090711s9999 xx 000 0 und d
082 _b51474
100 _aशेळके उद्धव ज.
245 _aसाहेब
260 _c1975
300 _a488
600 _aशेळके उद्धव ज.
630 _aसाहेब
700 _aशेळके उद्धव ज.
730 _aसाहेब
942 _cBOOK
999 _c301664
_d301664